000 01311nam a2200301 a 4500
001 000002652
003 DO-SdBNP
005 20240229073953.0
007 ta4
008 090703s2009 dr a 000 0 spa d
020 _a9789993427148
040 _aDO-SdBNP
_bspa
_cBNPHU
082 4 _a972.93054
_bT866t
_222
100 1 _aTrujillo Ledesma, Flor de Oro,
_d1915-1978
_98361
245 1 0 _aTrujillo en la intimidad según su hija Flor /
_cFlor de Oro Trujillo ; editor Bernardo Vega ; traduccción Paula Vega Guerra.
260 _aSanto Domingo :
_bFundación Cultural Dominicana,
_c2009.
300 _a115 p. :
_bilustraciones ;
_c23 cm.
500 _aEl texto es un relato de Flor de Oro a Laura Berquist editora ejecutiva de la revista norteamericana "Look" en junio 15-29 del 1965
500 _aIncluye notas al pie de las páginas e índice onomástico
590 _aInventariado, 2023/BT
600 1 4 _aTrujillo Ledesma, Flor de Oro,
_d1915-1978
_98362
600 1 0 _aTrujillo Molina, Rafael Leónidas,
_d 1891-1961
_976764
651 4 _aRepública Dominicana
_xHistoria
_yEra de Trujillo, 1930-1961
_vRelatos personales
_98363
700 1 _aVega, Bernardo,
_d1938 -
_eeditor
_93222
700 1 _aVega Guerra, Paula,
_etraducción
_98364
910 _aValidado. Control de calidad MMOLINA
942 _2ddc
_cLBS1
999 _c2488
_d2488